000 00449nam a22001817a 4500
003 MPLRDC
005 20220104175459.0
008 210129b ||||| |||| 00| 0 eng d
020 _a967-77-0072-3
082 _a524.945 PYP-3 1989
100 _a不详
245 _aSIRI EKSPRES SPM GEOGRAFI ASIA TENGGARA
_c
250 _a第一版
260 _a
_bPUSTAKA YAKIN PELAJA
_c1989
300 _b
650 _a
942 _cBK
_o524.945 PYP-3 1989
999 _c60399
_d60389